L'Escola d'Estiu : les institucions docents de la Mancomunitat les institucions docents de la Mancomunitat
Descripción Física:
8 p. : fot. ; 25 cm
Materias:
Escola d'Estiu (Barcelona)
MARC
| LEADER | 00000nam a2200000Ia 4500 | ||
|---|---|---|---|
| 001 | 19503 | ||
| 003 | BGR | ||
| 005 | 20260410113647.0 | ||
| 008 | 160829s1920 xx 000 0 cat d | ||
| 080 | |a RF-5-62 | ||
| 245 | |a L'Escola d'Estiu : |b les institucions docents de la Mancomunitat | ||
| 260 | |a Barcelona : |b Editorial Catalana, |c 1920 | ||
| 300 | |a 8 p. : |b fot. ; |c 25 cm | ||
| 590 | |a Prové de 2890 | ||
| 610 | 2 | 0 | |a Escola d'Estiu (Barcelona) |9 70297 |
| 856 | 4 | |u https://media.diba.cat/diba/fitxers/arxiu/fulletons/bib_19503_1920_baixa.pdf |y Accés lliure | |
| 856 | 4 | |u https://media.diba.cat/diba/fitxers/arxiu/fulletons/bib_19503_1920_baixa.pdf |y Accés lliure | |
| 900 | |a bib_19503_1920_baixa.pdf | ||
| 901 | |a Arxiu | ||
| 942 | |n 1 |2 udc |c MON | ||
| 952 | |0 0 |1 0 |4 0 |6 RF562 |7 1 |9 53371 |a Arxiu |b Arxiu |d 2016-12-01 |l 0 |o RF-5-62 |p 19503 |r 2016-12-01 00:00:00 |w 2016-12-01 |y ARXIU | ||
| 999 | |c 57236 |d 57236 | ||